Vacuum valves in pulse technique.

Bibliographic Details
Main Author: Neeteson, P. A. (Pieter Adrianus)
Format: Book
Language:English
Series:Philips technical library.
Subjects:

MARC

Tag First Indicator Second Indicator Subfields
LEADER 00000cam a2200000 4500
001 in00000702321
005 20151016052004.0
008 780831s1955 ne a 00100 eng
010 |a  56004699  
035 |a (OCoLC)04181981 
035 |9 ADB4474AM 
040 |a DLC  |c GAT  |d TXA  |d UtOrBLW 
049 |a TXAM  |c [410155] 
050 0 |a TK7835  |b .N4 
082 0 |a 621.384132 
100 1 |a Neeteson, P. A.  |q (Pieter Adrianus) 
245 1 0 |a Vacuum valves in pulse technique. 
264 2 |a [Eindhoven] :  |b Philips' Technical Library; [distributed by Cleaver-Hume Press, London],  |c [1955] 
300 |a 170 pages :  |b illustrations ;  |c 24 cm. 
336 |a text  |b txt  |2 rdacontent 
337 |a unmediated  |b n  |2 rdamedia 
338 |a volume  |b nc  |2 rdacarrier 
490 1 |a Philips' technical library. Series of books on electronic valves, book 9 
650 0 |a Pulse techniques (Electronics) 
650 0 |a Vacuum-tubes. 
830 0 |a Philips technical library. 
999 |a MARS 
999 f f |s d9092b51-4afb-32e5-8323-1e9c7614d7bf  |i 8da03fa0-b5c0-37a7-9683-e350d22939a6  |t 0 
952 f f |p ric  |a Texas A&M University  |b Rellis Campus  |c Joint Library Facility  |d Remote Storage  |t 0  |e TK7835 .N4  |h Library of Congress classification  |i unmediated -- volume  |m A14805495728 
998 f f |a TK7835 .N4  |t 0  |l Remote Storage